Music Quiz

Random Music Quiz
Score 0/25 Timer 10:00
0 Plays Today
Lead Vocalist(s) Song % Correct
Mark OwenShine
87.8%
Mark OwenBabe
83.7%
Howard DonaldNever Forget
76.4%
Jason OrangeWooden Boat
72.6%
Mark OwenUp All Night
56.6%
Jason OrangeHow Did It Come To This
55.1%
Mark OwenHold Up A Light
52.8%
Mark OwenJulie
51%
Jason OrangeFlowerbed
49.3%
Howard DonaldWhat Is Love
48.4%
Howard DonaldMancunian Way
47.2%
Howard DonaldAffirmation
46.4%
Mark OwenHello
46.1%
Lead Vocalist(s) Song % Correct
Mark OwenHold On
44.9%
Howard DonaldBeautiful World
44.9%
Mark OwenWhat Do You Want From Me?
38.8%
Mark OwenLovelife
32.7%
Howard DonaldHere
32.4%
Mark OwenInto The Wild
30.9%
Mark OwenWhat You Believe In
29.4%
Mark OwenThe Day After Tomorrow
29.2%
Howard DonaldGive You My Love
26.2%
Howard DonaldIf This Is Love
25.4%
Mark OwenBelieve
25.1%
Mark OwenDo It All For Love
20.7%
Remove Ads.
Support Sporcle.
Get the best of Sporcle when you Go Orange. This ad-free experience offers more features, more stats, and more fun while also helping to support Sporcle. Thank you for becoming a member.

You're not logged in!

Compare scores with friends on all Sporcle quizzes.
OR
Log In

Show Comments

Extras

Created Dec 28, 2014SourceReportNominate
Tags:Take That

Top Quizzes Today


Score Distribution

Your Account Isn't Verified!

In order to create a playlist on Sporcle, you need to verify the email address you used during registration. Go to your Sporcle Settings to finish the process.

Report this User

Report this user for behavior that violates our Community Guidelines.

Details: